Normal view
MARC view
- Al-Ali, Nermien
Entry Personal Name
001 - CONTROL NUMBER
- control field: 69257
003 - CONTROL NUMBER IDENTIFIER
- control field: NUST
005 - DATE AND TIME OF LATEST TRANSACTION
- control field: 20210628204215.0
008 - FIXED-LENGTH DATA ELEMENTS
- fixed length control field: 210628|| aca||aabn | a|a d
040 ## - CATALOGING SOURCE
- Original cataloging agency: NUST
- Transcribing agency: NUST
100 ## - HEADING--PERSONAL NAME
- Personal name: Al-Ali, Nermien
670 ## - SOURCE DATA FOUND
- Source citation: Work cat.: (NUST): Al-Ali, Nermien, Comprehensive intellectual capital management, 2003
